25 años más : una perspectiva sobre el pasado, presente y futuro del movimiento de gays, lesbianas, bisexuales y transexuales /

Tallennettuna:
Bibliografiset tiedot
Päätekijä: Petit, Jordi (autor)
Muut tekijät: Castells, Manuel (prólogo) (prólogo)
Aineistotyyppi: Kirja
Kieli:espanja
Julkaistu: Barcelona, España : Icaria, 2003, c2003
Sarja:(La Mirada Esférica ; 7)
Aiheet:
Tagit: Lisää tagi
Ei tageja, Lisää ensimmäinen tagi!

MARC

LEADER 00000nam^a2200000^a^4500
001 000167066
005 20250521000000.0
009 20260310101113.727
020 |a 84-7426-648-3 
037 |a Acervo ITESO - Biblioteca 
041 |a ESP 
082 |a 305. 3142  |b PET 
100 |a Petit, Jordi  |e (autor) 
245 1 0 |a 25 años más :  |b una perspectiva sobre el pasado, presente y futuro del movimiento de gays, lesbianas, bisexuales y transexuales /  |c J. Petit ; pról. de M. Castells. 
264 4 |a Barcelona, España :  |b Icaria,  |c 2003, c2003 
300 |a 295 p. 
336 |a texto  |b txt  |2 rdacontenido 
337 |a sin mediación  |b n  |2 rdamedio 
338 |a volumen  |b nc  |2 rdasoporte 
440 4 |a (La Mirada Esférica ;  |v 7) 
649 |a XX 
650 |a Homosexualidad -  |z España 
650 |a Homosexualidad 
650 |a Bisexualidad -  |z España 
650 |a Bisexualidad 
650 |a Transexualismo -  |z España 
650 |a Transexualismo 
650 |a Sexualidad -  |z España 
650 |a Sexualidad 
650 |a Prácticas Culturales -  |z España 
650 |a Prácticas Culturales 
650 |a Discriminación -  |z España 
650 |a Discriminación 
650 |a Movimientos de Homosexuales -  |z España 
650 |a Movimientos de Homosexuales 
650 |a Movimientos Sociales -  |z España 
650 |a Movimientos Sociales 
650 |a Derechos Humanos -  |z España 
650 |a Derechos Humanos 
650 |a Derecho Civil -  |z España 
650 |a Derecho Civil 
650 |a Sociología de la Cultura 
650 |a España -  |x Condiciones Jurídicas 
650 |a España -  |x Condiciones Sociales y Culturales 
700 |a Castells, Manuel  |e (prólogo) 
910 |a Fondo General 
920 |a Impresos - Libros 
930 |a Colección General 
905 |a 101 
901 |a 0500101930  |b IT1  |c ACC  |u 20250521 
902 |a https://opac.biblio.iteso.mx/vufind/Record/000167066